| 000 | 01070cam a22003377a 4500 | ||
|---|---|---|---|
| 003 | CHAP | ||
| 005 | 20220329141517.0 | ||
| 008 | 030423s2002 mx a r 00010 spa d | ||
| 010 | _a69312 | ||
| 011 | _a70284 | ||
| 035 | _a79765 | ||
| 040 | _cCHAP | ||
| 082 | 0 | 4 |
_a574.192 _bL3 2002 |
| 100 | 0 | 0 |
_aLaguna, José. _964449 |
| 245 | 1 | 0 |
_aBioquímica de Laguna _c/por José Laguna , Enrique Piña Garza [y otros] |
| 250 | _a5 ed. | ||
| 260 |
_aMéxico, D.F. : _bEl Manual Moderno, _c2002. |
||
| 300 |
_a749 p. ; _bilus. |
||
| 500 | _aEn substitución de : 2 ed. 1969 | ||
| 590 |
_aBATCH-UPD _b10 _c20130110 _lUCH01 _h2045 |
||
| 590 |
_aBATCH-UPD _b10 _c20130410 _lUCH01 _h1359 |
||
| 590 |
_aBATCH-UPD _b10 _c20130914 _lUCH01 _h0644 |
||
| 590 |
_aBATCH-UPD _b10 _c20130914 _lUCH01 _h2146 |
||
| 590 |
_aCONVERSION _b10 _c20130109 _lUCH01 _h1338 |
||
| 650 | 1 | 4 |
_aBioquímica. _912849 |
| 700 | 0 |
_aPiña Garza, Enrique. _988444 |
|
| 901 | _aBK | ||
| 905 | _aMayto Villalobos S. | ||
| 942 | _cLIBRO | ||
| 949 |
_a574.192 L3 2002 _bBC _cLIBRO _d33724000891016 _eLIBRO _h75948 _i79765 _si |
||
| 999 |
_c69312 _d69312 |
||